000 01013nam a2200265 a 4500
001 000036108
005 20240510073819.0
008 111213s2011 dr r 001 0 spa d
020 _a9789945164503
040 _aDO-SdBNP
_bspa
_cBNPHU
082 _a226.5
_bG643d,2011
100 1 _aGonzález, Matías
_962144
245 1 3 _aLa divinidad de Jesús :
_buna reflexión teológica en el evangelio de Juan /
_cMatías Gonzáles ; prólogo José Dunker L.
260 _aSanto Domingo :
_bBúho,
_c2011.
300 _a196 p. ;
_c23 cm.
500 _aIncluye datos biográficos del autor en la solapa de la cubierta.
504 _aBibliografía : p. 187-190.
650 4 _aBiblia-n.t.
_xSan juan, vi
_xCrítica, interpretación, etc.
_945144
650 4 _aBiblia-a.t.
_xSan juan
_xComentarios
_945145
650 4 _aEspiritu santo
_97135
650 4 _aJesucristo
_xEnseñanzas
_922829
650 0 _aVida cristiana
_9668
700 1 2 _aDunker L., José,
_d1943-
_epról.
_91027
910 _aValidado. Control de calidad. EMS
999 _c35599
_d35599